[Event "AUTO-OPEN-314"]
[Site "http://www.queenalice.com/game.php?id=82985"]
[Date "2006.7.6"]
[Round "1"]
[White "adilson_camargo"]
[Black "Snake_Man"]
[Result "1-0"]
[WhiteElo "1703"]
[BlackElo "1495"]

1. d4 d5 2. c4 dxc4 3. Nc3 Nc6 4. d5 Nb4 5. Qa4+ Bd7 6. Qxb4 e6 7. Qxc4 Bd6 8.
Nf3 Nf6 9. dxe6 fxe6 10. Bg5 Be7 11. Nb5 a6 12. Nxc7+ Kf8 13. Nxa8 Qxa8 14. e3
Nd5 15. Bxe7+ Kxe7 16. Qc5+ 1-0

[Event "AUTO-OPEN-314"]
[Site "http://www.queenalice.com/game.php?id=82986"]
[Date "2006.7.6"]
[Round "1"]
[White "Snake_Man"]
[Black "adilson_camargo"]
[Result "0-1"]
[WhiteElo "1476"]
[BlackElo "1711"]

1. e4 e5 2. Nf3 d6 3. d4 exd4 4. Nxd4 Nf6 5. Nc3 Bd7 6. Bd3 Be7 7. O-O O-O 8.
Be3 Nc6 9. Nxc6 Bxc6 10. Qd2 Ng4 11. Be2 Nxe3 12. Qxe3 Bf6 13. Rad1 Re8 14. h3
Bxc3 0-1

[Event "AUTO-OPEN-314"]
[Site "http://www.queenalice.com/game.php?id=83000"]
[Date "2006.7.6"]
[Round "1"]
[White "Snake_Man"]
[Black "Alexandredasilvagomes"]
[Result "1-0"]
[WhiteElo "1500"]
[BlackElo "1311"]

1. e4 e6 2. d4 d5 3. Nc3 Bb4 4. a3 Ba5 5. Nf3 dxe4 6. Nd2 Bxc3 7. bxc3 Nf6 8.
Bc4 Bd7 9. Qe2 Bc6 10. f3 exf3 11. gxf3 O-O 12. Rg1 1-0

[Event "Let's Play Chess!"]
[Site "http://www.queenalice.com/game.php?id=84504"]
[Date "2006.7.10"]
[Round "-"]
[White "JUSTAGAME"]
[Black "Snake_Man"]
[Result "0-1"]
[WhiteElo "1073"]
[BlackElo "1500"]

1. e4 e5 2. d4 d6 3. d5 Nf6 4. Nc3 g6 5. Nf3 Bg7 6. Bg5 Nbd7 7. Bb5 O-O 8. O-O
Nc5 9. Nh4 Bg4 10. Bxf6 Qxf6 11. Qxg4 a6 12. Ne2 axb5 13. Ng3 Na4 14. Nh5 gxh5
0-1

[Event "Challenge"]
[Site "http://www.queenalice.com/game.php?id=84505"]
[Date "2006.7.10"]
[Round "-"]
[White "Snake_Man"]
[Black "Akim"]
[Result "0-1"]
[WhiteElo "1368"]
[BlackElo "1324"]

1. e4 Nc6 2. d4 e5 3. Nf3 Qf6 4. Be2 exd4 5. e5 Nxe5 6. Nxd4 c5 7. Nf3 d6 8. O-O
Be7 9. Nc3 Be6 10. Bg5 Qg6 11. Bd3 Bf5 12. Bxf5 Qxf5 13. Re1 Bxg5 14. Nxg5 Qxg5
15. Ne4 Qg6 16. Nxd6+ Ke7 17. Nxb7 f6 18. Nxc5 Nh6 19. Qd7+ Kf8 20. Qd6+ Kf7 0-1

[Event "AUTO-MASTER-187"]
[Site "http://www.queenalice.com/game.php?id=85749"]
[Date "2006.7.14"]
[Round "1"]
[White "Snake_Man"]
[Black "altair"]
[Result "0-1"]
[WhiteElo "1340"]
[BlackElo "1729"]

1. e4 e5 2. Nf3 d6 3. d4 Be7 4. Nc3 Bg4 5. Be2 Nc6 6. h3 Bh5 7. O-O Bxf3 8. Bxf3
exd4 9. Ne2 Bf6 10. c3 dxc3 11. bxc3 Ne5 12. Nd4 c5 13. Nf5 Nc4 0-1

[Event "AUTO-MASTER-187"]
[Site "http://www.queenalice.com/game.php?id=85750"]
[Date "2006.7.14"]
[Round "1"]
[White "altair"]
[Black "Snake_Man"]
[Result "1-0"]
[WhiteElo "1731"]
[BlackElo "1339"]

1. e4 e5 2. Nf3 Nc6 3. Bb5 a6 4. Bxc6 dxc6 5. d3 Bd6 6. a3 Nf6 7. h3 O-O 8. Bd2
Be6 9. O-O Bc5 10. Nxe5 Qd4 11. Bc3 Qd8 12. Nd2 Nd7 13. b4 1-0

[Event "Let's Play Chess!"]
[Site "http://www.queenalice.com/game.php?id=120205"]
[Date "2006.10.23"]
[Round "-"]
[White "Uchoas"]
[Black "Snake_Man"]
[Result "1-0"]
[WhiteElo "1508"]
[BlackElo "1401"]

1. e3 e5 2. Qf3 Nf6 3. e4 Nc6 4. Qe3 g6 5. Nf3 Bg7 6. Qb3 d5 7. Bb5 Bd7 8. exd5
Ne7 9. Nxe5 c6 10. d6 Nc8 11. Qxf7# 1-0

[Event "Let's Play Chess!"]
[Site "http://www.queenalice.com/game.php?id=120233"]
[Date "2006.10.23"]
[Round "-"]
[White "Snake_Man"]
[Black "BuzzKiller"]
[Result "1-0"]
[WhiteElo "1384"]
[BlackElo "1392"]

1. e4 d5 2. Nc3 d4 3. Nb1 e5 4. Nf3 Bg4 5. h3 Bxf3 6. Qxf3 Nc6 7. d3 Nb4 8. Qe2
Nf6 9. a3 Nc6 10. Nd2 Nh5 11. Qxh5 g6 12. Qd1 Bh6 13. Be2 Bxd2+ 14. Bxd2 Qe7 15.
O-O O-O-O 16. Bb4 Qh4 17. Qe1 g5 18. g3 Qxh3 19. Bf3 h5 20. Bg2 Qg4 21. Qd1 Qe6
22. Bd2 g4 23. Bg5 f6 24. Bd2 a5 25. b4 h4 26. gxh4 Rxh4 27. f3 g3 28. Be1 Qg8
29. f4 Qh8 30. Bxg3 Rh5 31. fxe5 Rg8 32. Qf3 Nxe5 33. Qf4 Rg4 34. Qxf6 Rxg3 35.
Qf4 Rh1+ 36. Kf2 Qg7 37. Qxg3 1-0

[Event "AUTO-OPEN-427"]
[Site "http://www.queenalice.com/game.php?id=120308"]
[Date "2006.10.23"]
[Round "1"]
[White "MarcosRamos"]
[Black "Snake_Man"]
[Result "1-0"]
[WhiteElo "1781"]
[BlackElo "1364"]

1. d4 d5 2. Bg5 Nf6 3. Bxf6 exf6 4. e3 Nc6 5. Nf3 Be7 6. c4 dxc4 7. Bxc4 O-O 8.
O-O Bf5 9. a3 Re8 10. Nc3 h6 11. h3 Bd6 12. Re1 Na5 13. Bd3 Bxd3 14. Qxd3 Nb3
15. Rad1 Na5 16. e4 Bf4 17. e5 fxe5 18. Qe4 Nc6 19. dxe5 Qc8 20. Qxf4 b6 21. Ne4
Rd8 22. Rxd8+ Nxd8 23. Rd1 Qa6 24. Rd7 Ne6 25. Qxf7+ Kh7 26. Nfg5+ hxg5 27.
Nxg5+ 1-0

[Event "AUTO-OPEN-427"]
[Site "http://www.queenalice.com/game.php?id=120309"]
[Date "2006.10.23"]
[Round "1"]
[White "Snake_Man"]
[Black "MarcosRamos"]
[Result "0-1"]
[WhiteElo "1389"]
[BlackElo "1737"]

1. e4 a6 2. d4 b5 3. Nc3 Bb7 4. Nf3 e6 5. Be3 b4 6. Qd2 bxc3 7. Qxc3 Bxe4 8. Nd2
Bb7 9. O-O-O Nc6 10. Bc4 Nf6 11. Nf3 Be7 12. Rhe1 Bb4 13. Qd3 Bxe1 14. Rxe1 O-O
15. Ne5 Na5 16. Bd2 Nxc4 17. Qxc4 d6 18. Nf3 Rb8 19. Be3 Bd5 20. Qf1 c5 21. h3
Qa5 22. Bd2 Qxa2 23. Kd1 Rxb2 0-1

[Event "AUTO-OPEN-427"]
[Site "http://www.queenalice.com/game.php?id=120328"]
[Date "2006.10.23"]
[Round "1"]
[White "Marchess"]
[Black "Snake_Man"]
[Result "1-0"]
[WhiteElo "1889"]
[BlackElo "1401"]

1. e4 e5 2. Nf3 Nf6 3. Nxe5 d6 4. Nf3 Nxe4 5. d4 d5 6. Bd3 Nf6 7. h3 Qe7+ 8. Be3
Qe6 9. O-O Bd6 10. Re1 O-O 11. Nc3 Nc6 12. Bg5 h6 13. Bxf6 Qxf6 14. Nxd5 Qd8 15.
c4 Ne7 16. Nxe7+ Bxe7 17. Qc2 Bb4 18. Re2 Re8 19. a3 Bd6 20. Rae1 Re7 21. c5 Bf4
22. Rxe7 Kf8 23. Bf5 b6 24. Qe4 Bxf5 25. Qxf5 g5 26. Qxf7# 1-0

[Event "AUTO-OPEN-427"]
[Site "http://www.queenalice.com/game.php?id=120329"]
[Date "2006.10.23"]
[Round "1"]
[White "Snake_Man"]
[Black "Marchess"]
[Result "0-1"]
[WhiteElo "1344"]
[BlackElo "1881"]

1. e4 d5 2. exd5 Qxd5 3. Nc3 Qa5 4. d4 c6 5. Nf3 Bg4 6. h3 Bh5 7. Bd2 Qd8 8. Bc4
e6 9. O-O Bxf3 10. Qxf3 Qxd4 11. Qf4 Qxf4 12. Bxf4 Bb4 13. Bd2 Nf6 14. Rad1 Nbd7
15. a3 Ba5 16. Rfe1 O-O 17. Ne4 Bxd2 18. Rxd2 Nxe4 19. Rxe4 Nf6 20. Red4 h6 21.
Re2 Rad8 22. Red2 Nd5 23. Be2 b5 24. b4 Rc8 25. Bf3 Rc7 26. R2d3 Rd8 27. Bh5 c5
28. Re4 cxb4 29. axb4 Rxc2 30. Rf3 Nf6 31. Rh4 Nxh5 32. Rxh5 a6 33. Kh2 Rc4 34.
Rb3 Rdd4 35. g4 Rd2 0-1

[Event "AUTO-OPEN-427"]
[Site "http://www.queenalice.com/game.php?id=120340"]
[Date "2006.10.23"]
[Round "1"]
[White "Snake_Man"]
[Black "J_Ricardo"]
[Result "0-1"]
[WhiteElo "1375"]
[BlackElo "1502"]

1. e4 e5 2. Nf3 d6 3. d4 exd4 4. Nxd4 Nf6 5. Nc3 g6 6. Bd3 Bg7 7. O-O Ng4 8. h3
Bxd4 9. hxg4 Qf6 10. Be3 Be5 11. g5 Qg7 12. Nd5 f6 13. Qf3 Be6 14. Nc3 Nd7 15.
Nb5 Kd8 16. Bxa7 fxg5 17. Rad1 g4 18. Qe2 Qh6 0-1

[Event "AUTO-OPEN-427"]
[Site "http://www.queenalice.com/game.php?id=120341"]
[Date "2006.10.23"]
[Round "1"]
[White "J_Ricardo"]
[Black "Snake_Man"]
[Result "1-0"]
[WhiteElo "1490"]
[BlackElo "1387"]

1. e4 e5 2. Nf3 Nf6 3. Bc4 Nc6 4. d3 d5 5. exd5 Nxd5 6. Ng5 f6 7. Bxd5 Qxd5 8.
Ne4 Bf5 9. Qe2 Bd6 10. Nxd6+ cxd6 11. O-O O-O 12. Nc3 Qe6 13. Bd2 Nd4 14. Qd1
Rac8 15. a3 Nc6 16. Be3 Ne7 17. Bxa7 Ra8 18. Nb5 1-0

[Event "Let's Play Chess!"]
[Site "http://www.queenalice.com/game.php?id=126311"]
[Date "2006.11.7"]
[Round "-"]
[White "Snake_Man"]
[Black "Trefor"]
[Result "0-1"]
[WhiteElo "1389"]
[BlackElo "1982"]

1. e4 Nf6 2. e5 Nd5 3. d4 d6 4. Nf3 dxe5 5. Nxe5 Nd7 6. Be2 Nxe5 7. dxe5 Bf5 8.
O-O e6 9. Nc3 Nxc3 10. bxc3 Bc5 11. Qxd8+ Rxd8 12. Rd1 Bxc2 13. Rd2 Rxd2 14.
Bxd2 Ke7 15. Rc1 Ba4 16. Rb1 Bc6 17. Rb3 Rd8 18. Bc1 a6 19. h3 h6 20. c4 Kf8 21.
Bf3 Bxf3 22. gxf3 Rd1+ 0-1

[Event "Challenge"]
[Site "http://www.queenalice.com/game.php?id=127444"]
[Date "2006.11.9"]
[Round "-"]
[White "Snake_Man"]
[Black "TomBishop"]
[Result "0-1"]
[WhiteElo "1362"]
[BlackElo "1316"]

1. e4 e5 2. Nf3 c6 3. Nxe5 d5 4. d3 Nf6 5. Nc3 Bd6 6. Bf4 Bxe5 7. Bxe5 d4 8. Nb1
c5 9. Be2 Nbd7 10. Nd2 Nxe5 11. O-O c4 12. dxc4 d3 13. cxd3 Nxd3 14. Bxd3 Qxd3
0-1